000 00844nam a2200229Ii 4500
003 JO-AjNU
008 230605s9999||||xx |||||||||||||| ||und||
017 _a2005/9/2216
020 _a978-9957-38-050-8
040 _aJO-AjNU
_bara
_erda
_cJO-AjNU
041 _aara
050 1 4 _aDS154.5.A33 2008
100 3 _aتاليف العفيف، أحمد خليف، م.مشارك صالح، قاسم محمد، م.مشارك الزبزن، محمد سليم,
_eauthor
_945194
245 0 0 _aالتربية الوطنية
250 _aط3
264 3 1 _aعمان: دار جرير، 2008
300 _a304ص
336 _atext
_btxt
_2rdacontent
337 _aunmediated
_bn
_2rdamedia
338 _avolume
_bnc
_2rdacarrier
650 4 _aالتربية الوطنية-الاردن- تالايخ الاردن- التربية السياسية
_945195
999 _aA19572
_c23140
_d23140